| 000 | 00847cab a2200253 4500 | ||
|---|---|---|---|
| 001 | ABS58210 | ||
| 008 | 090401t1998 xxu||||| |||| 00| 0 eng d | ||
| 035 | _a(Sirsi) u83322 | ||
| 041 | _aeng | ||
| 245 | _aProperty Week Survey : Surveying firms` fee earners the 1998 listing | ||
| 260 | _c1998 | ||
| 350 | _a0 | ||
| 490 |
_aProperty Week _v61(2) 16 January 1998, 30-34(4) |
||
| 520 | _aFrom information supplied by 60 surveying practices, Propery Week has compiled the first detailed breakdown of fee earners with Britain`s largest surveying firms. Tables. | ||
| 650 | _aCOMMERCIAL AGENTS | ||
| 650 | _aFEE EARNERS | ||
| 650 | _aLEAGUE TABLE | ||
| 650 | _aRANKING | ||
| 650 | _aSALARY SURVEYS | ||
| 650 | _aSURVEYING FIRMS | ||
| 690 | _aMANAGEMENT-BUSINESS MANAGEMENT-PROFESSIONAL PRACTICE | ||
| 942 | _n0 | ||
| 948 | _c27/01/1998 | ||
| 999 |
_c52616 _d52616 |
||